| 000 | 00517nam a2200181Ia 4500 | ||
|---|---|---|---|
| 008 | 220216s9999 xx 000 0 und d | ||
| 100 | _aMushrif S.K. | ||
| 245 | 0 | _aEvaluation of Hevea brasiliensis clones against abnormal leaf fall disease caused by Phytophthora spp. | |
| 260 |
_bNatural Rubber Research _c2004 |
||
| 300 | _a74-78 | ||
| 650 | _aAbnormal leaf fall | ||
| 650 | _aClone evaluation | ||
| 650 | _aPhytophthora | ||
| 700 | _aJacob C.K. | ||
| 700 | _aJohn A. | ||
| 700 | _aJoseph A. | ||
| 942 | _cBS | ||
| 999 |
_c51660 _d51660 |
||